000 00924nam a22003131 4500
001 5738
003 FISKH
005 20250331084622.0
008 770920s1961 nyua j 000 1 eng
010 _a 61011451
020 _aFISTK01376
040 _aDLC
_cMB
_dDLC
_beng
050 _aPZ10.M628
082 _a813.54
100 1 _aMinarik, Else Holmelund.
245 1 0 _aLittle Bear's visit /
_cby Else Holmelund Minarik ; Pictures by Maurice Sendak.
260 _aNew York :
_bHarper,
_c1961.
300 _a64 pages ;
_bcolor illustrations ;
_c23 cm
490 0 _aAn I can read book
505 _aJ
520 _aLittle Bear enjoys a visit with his grandparents.
521 8 _a460
_bLexile
521 8 _aj
_bRaz-Plus
650 _aGrandparents
_vBears
_xLittle Bear
700 _aSendak, Maurice
906 _a7
_bcbc
_corignew
_du
_eocip
_f19
_gy-gencatlg
942 _2ddc
_cBK
_n0
999 _c5738
_d5738